1353 1398 1710 1476 1322 1492 1321 1253 1246 1544 1041 1059 1415 1291 1691 1033 1062 1441 1882 1448 1072 1504 1172 1980 1225 1747 1190 1133 1766 1961 1078 1501 1425 1914 1860 1511 1302 1326 1773 1893 1829 1265 1447 1624 1824 1670 1579 1042 1113 1311 1319 1906 1838 1096 1537 1609 1630 1384 1274 1290 1593 1999 1132 1175 1999 1219 1308 1941 1356 1757 1027 1258 1240 1735 1650 1612 1986 1414 1653 1364 1075 1970 1708 1531 1948 1956 1653 1633 1856 1408 1392 1749 1630 1496 1752 1935 1443 1211 1815 BCNSPRNW ULIB Ver.6.0+V

เปลี่ยนเป็นภาษาไทย

Change to English
 แสดงรายละเอียดบรรณานุกรม
  กลับหน้าหลัก

Brief Record : Get Marc (ISO 2709) : E-mail record : QR code < ปิดหน้าต่าง
LEADER : 00000nam a2200000 a 4500
001    13399114534
003     ULIB
008    041123s2011 us a 000 0 eng d
020    ^a9780826118288
060 04 ^aWY150^bH927f
100 1  ^aHumphreys, Janice
245 10 ^aFamily violence and nursing practice /^cJanice Humphreys, Jacquelyn C. Campbell
250    ^a2nd ed.
260    ^aPhiladelphia :^bLippincott,^cc2011
300    ^axvi, 447 p. :^bill. ;^c24 cm.
500    ^aSend to Single Search
650  2 ^aChild Abuse^xnurses instruction
650  2 ^aElder Abuse^xnurses instruction
650  2 ^aFamily^xnurses instruction
650  2 ^aNursing Care
650  2 ^aViolence
700 1  ^aCampbell, Jacquelyn C.
945    ^p0^l0^i031636
995    ^a Kesorn
999 ^a ใช้งานได้ทุกระบบ
รายการนี้ยังไม่มีแท็ก
คุณยังไม่ได้ล็อกอิน คุณสามารถมีกิจกรรมร่วมกับเว็บไซต์ได้ แต่ต้องล็อกอินก่อน ::
  ล็อกอิน

รายการสื่อสารสนเทศ

ลำดับที่ ประเภท เลขเรียก/บาร์โค้ด สถานที่ สถานะ
- ไม่พบข้อมูล -

รายการใกล้เคียง
    หัวเรื่อง [Nursing Care]

BibComment


ยังไม่เคยถูกคอมเมนท์

คอมเมนท์ทรัพยากรรายการนี้
  คอมเมนท์: Family violence ..


 Copyright 2026. Bcnsprnw @Library